Statistics for Oscar for Best Original Screenplay

Click here to take the quiz!

General Stats

  • This quiz has been taken 31 times
    (4 since last reset)
  • The average score is 28 of 83

Answer Stats

HintAnswer% Correct
1999American Beauty
100%
2021Belfast
67%
1974Chinatown
67%
1941Citizen Kane
67%
2012Django Unchained
67%
1982Gandhi
67%
1997Good Will Hunting
67%
1994Pulp Fiction
67%
2009The Hurt Locker
67%
1991Thelma and Louise
67%
1993The Piano
67%
2000Almost Famous
33%
1951An American in Paris
33%
2023Anatomy of a Fall
33%
1977Annie Hall
33%
2014Birdman
33%
1979Breaking Away
33%
1969Butch Cassidy and the Sundance Kid
33%
1981Chariots of Fire
33%
1978Coming Home
33%
2005Crash
33%
1965Darling
33%
1989Dead Poets Society
33%
1962Divorce Italian Style
33%
1975Dog Day Afternoon
33%
2004Eternal Sunshine of the Spotless Mind
33%
2022Everything Everywhere All at Once
33%
1996Fargo
33%
1964Father Goose
33%
2017Get Out
33%
2001Gosford Park
33%
2018Green Book
33%
2013Her
33%
1963How the West was Won
33%
1955Interrupted Melody
33%
2007Juno
33%
2006Little Miss Sunshine
33%
2003Lost in Translation
33%
2016Manchester by the Sea
33%
1945Marie-Louise
33%
1980Melvin and Howard
33%
2011Midnight in Paris
33%
2008Milk
33%
1987Moonstruck
33%
1976Network
33%
1954On the Waterfront
33%
2019Parasite
33%
1970Patton
33%
1959Pillow Talk
33%
1984Places in the Heart
33%
1943Princess O'Rourke
33%
2020Promising Young Woman
33%
1988Rain Man
33%
1998Shakespeare in Love
33%
1961Splendor in the Grass
33%
2015Spotlight
33%
2002Talk to Her
33%
1983Tender Mercies
33%
1960The Apartment
33%
1972The Candidate
33%
1992The Crying Game
33%
1958The Defiant Ones
33%
1940The Great McGinty
33%
1971The Hospital
33%
2010The King's Speech
33%
1952The Lavender Hill Mob
33%
1956The Red Balloon
33%
1973The Sting
33%
1995The Usual Suspects
33%
1953Titanic
33%
1942Wilson
33%
1985Witness
33%
1966A Man and a Woman
0%
1949Battleground
0%
1957Designing Woman
0%
1990Ghost
0%
1967Guess Who's Coming to Dinner?
0%
1986Hannah and Her Sisters
0%
1950Sunset Boulevard
0%
1947The Bachelor and the Bobby-Soxer
0%
1968The Producers
0%
1946The Seventh Veil
0%
1942Woman of the Year
0%

Score Distribution

Percentile by Number Answered

Percent of People with Each Score

Your Score History

You have not taken this quiz since the last reset